Guess the Fusion Rock Song Lyrics #37 - Statistics

General Stats
  • This quiz has been taken 12 times
  • The average score is 292 of 354
Answer Stats
Answer % Correct
a
100%
A
100%
and
100%
And
100%
far
100%
girl
100%
you
100%
You
100%
YOu
100%
your
100%
bitch
89%
Bitch
89%
can
89%
don't
89%
Don't
89%
gone
89%
it
89%
It's
89%
it's
89%
know
89%
old
89%
on
89%
rich
89%
Rich
89%
the
89%
to
89%
too
89%
won't
89%
You're
89%
you're
89%
you've
89%
anyway
78%
but
78%
But
78%
get
78%
Get
78%
give
78%
man's
78%
matter
78%
money
78%
oh
78%
Oh
78%
rely
78%
That
78%
that
78%
wrong
78%
all
67%
be
67%
can't
67%
Hall and Oates
67%
So
67%
so
67%
take
67%
when
67%
yeah
67%
Cause
56%
cause
56%
feel
56%
given
56%
if
56%
is
56%
love
56%
of
56%
own
56%
pain
56%
what
56%
easy
44%
For
44%
hurt
44%
live
44%
never
44%
others
44%
Say
44%
say
44%
you'll
44%
much
33%
out
33%
strong
33%
thrill
33%
along
22%
dry
22%
grow
22%
High
22%
ooh
22%
rain
22%
try
22%
you'd
22%
rather
11%
there's
11%
No matching quizzes found
Score Distribution
Percent of People with Each Score
Percentile by Number Answered
Your Score History
You have not taken this quiz